<?xml version="1.0" encoding="UTF-8"?>
<marc:record xmlns:marc="http://www.loc.gov/MARC21/slim">
   <marc:leader>00000nam a2200000 a 4500</marc:leader>
   <marc:datafield ind1="1" ind2=" " tag="100">
      <marc:subfield code="a">Levy, Marc</marc:subfield>
      <marc:subfield code="4">aut</marc:subfield>
      <marc:subfield code="e">Verfasser/-in</marc:subfield>
   </marc:datafield>
   <marc:datafield ind1="0" ind2="0" tag="245">
      <marc:subfield code="a">Wo bist du?</marc:subfield>
   </marc:datafield>
   <marc:datafield ind1="0" ind2="0" tag="245">
      <marc:subfield code="c">Levy, Marc</marc:subfield>
   </marc:datafield>
   <marc:datafield ind1=" " ind2="1" tag="264">
      <marc:subfield code="a">[München]</marc:subfield>
      <marc:subfield code="b">Blanvalet</marc:subfield>
      <marc:subfield code="c">2019</marc:subfield>
   </marc:datafield>
   <marc:datafield ind1="1" ind2=" " tag="520">
      <marc:subfield code="a">Als Jugendliche schworen sich Philip und Susan ewige Liebe. Doch das Leben hatte andere Pläne mit ihnen. Während die abenteuerlustige Susan als Entwicklungshelferin nach Honduras fliegt, wartet der ruhige Philip in New York auf sie. Vom Leben des anderen kennen sie nur das, was sie sich in ihren zahlreichen Briefen schreiben. &lt;br/&gt;&lt;br/&gt;So vergeht Jahr für Jahr. Bis eines Tages ein kleines Mädchen vor Philips Tür steht: Susans Tochter. Aber wo ist Susan? Nun ist es an Philip, sein Versprechen von einst zu halten: Immer für sie da zu sein und für sie sogar bis ans Ende der Welt zu gehen …</marc:subfield>
   </marc:datafield>
   <marc:datafield ind1=" " ind2=" " tag="020">
      <marc:subfield code="a">9783734180149</marc:subfield>
      <marc:subfield code="9">9783734180149</marc:subfield>
   </marc:datafield>
   <marc:datafield ind1=" " ind2=" " tag="020">
      <marc:subfield code="a">3734180147</marc:subfield>
      <marc:subfield code="9">3734180147</marc:subfield>
   </marc:datafield>
   <marc:datafield ind1=" " ind2=" " tag="041">
      <marc:subfield code="a">ger</marc:subfield>
   </marc:datafield>
   <marc:datafield ind1="1" ind2=" " tag="521">
      <marc:subfield code="a">0</marc:subfield>
   </marc:datafield>
   <marc:datafield ind1=" " ind2=" " tag="338">
      <marc:subfield code="a">Band</marc:subfield>
   </marc:datafield>
   <marc:datafield ind1=" " ind2=" " tag="300">
      <marc:subfield code="a">295</marc:subfield>
   </marc:datafield>
</marc:record>
